[Event "Passau op 6th"]
[Site "Passau"]
[Date "1998.04.11"]
[Round "4"]
[White "Naegele, Hans Juergen"]
[Black "Lendvai, Noemi"]
[Result "0-1"]
[WhiteElo "1950"]
[BlackElo "2115"]
[PlyCount "96"]
[EventDate "1998.04.10"]
[EventType "swiss"]
[EventRounds "7"]
[EventCountry "GER"]
[SourceTitle "EXT 1999"]
[Source "ChessBase"]
[SourceDate "1998.11.16"]
[SourceVersion "1"]
[SourceVersionDate "1998.11.16"]
[SourceQuality "1"]

1. f4 e5 2. fxe5 d6 3. Nf3 dxe5 4. e4 Nc6 5. Bb5 Bc5 6. Bxc6+ bxc6 7. d3 Qe7 8. Qe2 Rb8 9. Nbd2 Ba6 10. Nb3 Nf6 11. Be3 Bb6 12. Nfd2 0-0 13. 0-0 Bc8 14. Nc4 Ng4 15. Bxb6 cxb6 16. h3 Nf6 17. Qf3 Ne8 18. Qg3 f6 19. d4 Ba6 20. Nbd2 Rd8 21. Qb3 Kh8 22. dxe5 b5 23. Nd6 Nxd6 24. exd6 Qxd6 25. Nf3 Qc5+ 26. Kh1 Rfe8 27. e5 b4 28. exf6 Bxf1 29. fxg7+ Kxg7 30. Rxf1 Qb5 31. c4 Qc5 32. Nh4 Rf8 33. Qg3+ Kh8 34. Re1 Qd6 35. Qe3 Qf4 36. Nf3 Qxe3 37. Rxe3 Rfe8 38. Rxe8+ Rxe8 39. Nd4 Re1+ 40. Kh2 Rb1 41. Nxc6 Rxb2 42. c5 Rc2 43. Nxb4 Rxc5 44. Nd3 Ra5 45. Nc1 Ra3 46. Kg1 Rc3 47. Ne2 Rc2 48. a4 Rc4 0-1

[Event "HUN-chT 9899"]
[Site "Hungary"]
[Date "1998.??.??"]
[Round "?"]
[White "Lendvai, Noemi"]
[Black "Kotan, Ladislav"]
[Result "0-1"]
[WhiteElo "2115"]
[BlackElo "2280"]
[PlyCount "90"]
[EventDate "1998.??.??"]
[EventType "team"]
[EventRounds "12"]
[EventCountry "HUN"]
[SourceTitle "EXT 2000"]
[Source "ChessBase"]
[SourceDate "1999.11.16"]
[SourceVersion "1"]
[SourceVersionDate "1999.11.16"]
[SourceQuality "1"]

1. e4 e5 2. Nf3 d6 3. d4 Nd7 4. Nc3 Ngf6 5. g3 exd4 6. Nxd4 g6 7. Bg2 Bg7 8. 0-0 0-0 9. Nb3 Re8 10. h3 a5 11. a4 Nb6 12. Kh2 Bd7 13. Nd4 c6 14. f4 Qc7 15. Qd3 Rad8 16. Be3 Re7 17. Bf2 h5 18. Rad1 Rde8 19. Rfe1 Bc8 20. Ndb5 cxb5 21. Nxb5 Qd8 22. Nxd6 Rd7 23. e5 Bf8 24. Qb5 Rxd6 25. exd6 Rxe1 26. Rxe1 Nbd7 27. Rd1 Ne8 28. c4 Nxd6 29. Qd5 Ne8 30. Bd4 Nef6 31. Bxf6 Qxf6 32. Qxa5 h4 33. Qb5 hxg3+ 34. Kxg3 Bd6 35. Rf1 g5 36. Kh2 Bxf4+ 37. Kh1 Kg7 38. Bxb7 Bxb7+ 39. Qxb7 Nc5 40. Qb5 Qf5 41. Kg2 Qe4+ 42. Rf3 Nd3 43. Qd5 Qe2+ 44. Kg1 Be3+ 45. Kh1 Qe1+ 0-1

[Event "Oberwart op"]
[Site "Oberwart"]
[Date "1995.??.??"]
[Round "3"]
[White "Lendvai, Noemi"]
[Black "Dittmar, Peter"]
[Result "1/2-1/2"]
[WhiteElo "2105"]
[BlackElo "2355"]
[PlyCount "108"]
[EventDate "1995.07.??"]
[EventType "swiss"]
[EventRounds "9"]
[EventCountry "AUT"]
[SourceTitle "EXT 2001"]
[Source "ChessBase"]
[SourceDate "2000.11.22"]
[SourceVersion "1"]
[SourceVersionDate "2000.11.22"]
[SourceQuality "1"]

1. e4 e6 2. d4 d5 3. Nd2 c5 4. Ngf3 Nc6 5. Bb5 dxe4 6. Bxc6+ bxc6 7. Nxe4 cxd4 8. Qxd4 Qxd4 9. Nxd4 e5 10. Ne2 Ba6 11. N4c3 Nf6 12. 0-0 Bb4 13. Rd1 0-0 14. h3 Rab8 15. a3 Ba5 16. b3 Bb6 17. Be3 Nd5 18. Bxb6 axb6 19. Rd2 Ra8 20. Na4 Bxe2 21. Rxe2 f6 22. c4 Nf4 23. Rea2 Rab8 24. Nc3 Rfd8 25. Ne2 Ne6 26. b4 b5 27. cxb5 cxb5 28. a4 bxa4 29. Rxa4 Rd2 30. Ra8 Rxa8 31. Rxa8+ Kf7 32. Nc3 Nd4 33. b5 Rb2 34. Rc8 Rb3 35. Rc5 Ke6 36. Kh2 h5 37. Kh1 h4 38. Kh2 g5 39. Kh1 Rb2 40. Kg1 Kd6 41. Ne4+ Ke6 42. Nc3 Rb3 43. Kh2 f5 44. Kh1 Kd6 45. Rd5+ Ke6 46. Rc5 g4 47. hxg4 fxg4 48. Kh2 Rb2 49. Nd1 Rb3 50. b6 Rxb6 51. Ne3 g3+ 52. fxg3 Rb3 53. Ng4 hxg3+ 54. Kh3 Rb5 1/2-1/2

[Event "Antwerp op"]
[Site "Antwerp"]
[Date "1994.??.??"]
[Round "4"]
[White "Blatny, Pavel"]
[Black "Lendvai, Noemi"]
[Result "1-0"]
[WhiteElo "2485"]
[BlackElo "2095"]
[PlyCount "57"]
[EventDate "1994.08.??"]
[EventType "swiss"]
[EventRounds "9"]
[EventCountry "BEL"]
[SourceTitle "EXT 1998"]
[Source "ChessBase"]
[SourceDate "1997.11.17"]
[SourceVersion "1"]
[SourceVersionDate "1997.11.17"]
[SourceQuality "1"]

1. Nf3 Nf6 2. b3 g6 3. Bb2 Bg7 4. g3 0-0 5. Bg2 d6 6. 0-0 Nbd7 7. d3 e5 8. c4 Nh5 9. e4 Qe8 10. Nc3 c6 11. Qd2 f5 12. exf5 gxf5 13. Rae1 Qg6 14. d4 e4 15. Nh4 Qf6 16. Bh3 Nb6 17. Ng2 Bh6 18. Qd1 Qf7 19. f3 f4 20. Bxc8 Raxc8 21. g4 exf3 22. Qxf3 Ng7 23. Ne4 Ne6 24. Nxd6 Qd7 25. Rxe6 Qxe6 26. Nxc8 Nxc8 27. h4 Ne7 28. Re1 Qf7 29. Re4 1-0

[Event "Antwerp op"]
[Site "Antwerp"]
[Date "1994.??.??"]
[Round "3"]
[White "Lendvai, Noemi"]
[Black "Wirschell, Taco"]
[Result "1-0"]
[WhiteElo "2095"]
[BlackElo "2335"]
[PlyCount "81"]
[EventDate "1994.08.??"]
[EventType "swiss"]
[EventRounds "9"]
[EventCountry "BEL"]
[SourceTitle "EXT 1998"]
[Source "ChessBase"]
[SourceDate "1997.11.17"]
[SourceVersion "1"]
[SourceVersionDate "1997.11.17"]
[SourceQuality "1"]

1. e4 e6 2. d4 d5 3. Nd2 Nf6 4. e5 Nfd7 5. c3 c5 6. Bd3 Nc6 7. Ngf3 f6 8. exf6 Nxf6 9. 0-0 cxd4 10. cxd4 Bd6 11. Re1 0-0 12. Nf1 Qb6 13. Ng3 Kh8 14. Bc2 Ng4 15. Bxh7 Nxf2 16. Kxf2 Nxd4 17. Be3 Qxb2+ 18. Kg1 Nxf3+ 19. gxf3 Kxh7 20. Bd4 Qb5 21. Qc2+ Kg8 22. Qg6 Rf7 23. Kh1 Qd7 24. Nh5 Qe7 25. Bxg7 Rxg7 26. Nxg7 Qf7 27. Rg1 Qxg6 28. Rxg6 Kf7 29. Rag1 Bd7 30. Nh5 Be5 31. Rg7+ Bxg7 32. Rxg7+ Kf8 33. Rxd7 Rc8 34. Rxb7 Rc1+ 35. Kg2 Rc2+ 36. Kg3 Rxa2 37. Nf4 Ra6 38. h4 d4 39. h5 Kg8 40. h6 e5 41. Rg7+ 1-0

[Event "HUN-chT2 9293"]
[Site "Hungary"]
[Date "1993.??.??"]
[Round "?"]
[White "Kecskes, Gabor"]
[Black "Lendvai, Noemi"]
[Result "1-0"]
[WhiteElo "2215"]
[BlackElo "2085"]
[PlyCount "63"]
[EventDate "1992.??.??"]
[EventType "team"]
[EventRounds "12"]
[EventCountry "HUN"]
[SourceTitle "TD"]
[Source "ChessBase"]
[SourceDate "1994.03.01"]
[SourceVersion "1"]
[SourceVersionDate "1994.03.01"]
[SourceQuality "1"]

1. d4 Nf6 2. c4 g6 3. Nc3 d5 4. cxd5 Nxd5 5. e4 Nxc3 6. bxc3 Bg7 7. Bc4 0-0 8. Ne2 c5 9. Be3 Nc6 10. Rc1 Qc7 11. 0-0 Rd8 12. Qd2 a6 13. Rfd1 b5 14. Bd3 c4 15. Bb1 a5 16. d5 Ba6 17. f4 Rab8 18. Kh1 b4 19. Qe1 Na7 20. Bxa7 Qxa7 21. Nd4 Bxd4 22. Rxd4 Rd7 23. e5 Qc5 24. Be4 b3 25. f5 Rdd8 26. e6 f6 27. fxg6 hxg6 28. Bxg6 Kg7 29. Rg4 Qxd5 30. Bf7+ Qg5 31. Rxg5+ fxg5 32. Qe4 1-0

[Event "HUN-chT2 9293"]
[Site "Hungary"]
[Date "1993.??.??"]
[Round "?"]
[White "Lendvai, Noemi"]
[Black "Koczka, Zsolt"]
[Result "1/2-1/2"]
[WhiteElo "2085"]
[BlackElo "2280"]
[PlyCount "82"]
[EventDate "1992.??.??"]
[EventType "team"]
[EventRounds "12"]
[EventCountry "HUN"]
[SourceTitle "TD"]
[Source "ChessBase"]
[SourceDate "1994.03.01"]
[SourceVersion "1"]
[SourceVersionDate "1994.03.01"]
[SourceQuality "1"]

1. e4 e6 2. d4 d5 3. Nd2 Nf6 4. e5 Nfd7 5. Bd3 c5 6. c3 Nc6 7. Ngf3 Qb6 8. 0-0 g6 9. Qe2 cxd4 10. cxd4 Bg7 11. Rd1 0-0 12. Bb1 Nxd4 13. Nxd4 Qxd4 14. Nf3 Qb4 15. a3 Qe7 16. h4 f6 17. exf6 Qxf6 18. h5 Ne5 19. Nxe5 Qxe5 20. Qxe5 Bxe5 21. hxg6 h5 22. g3 Bd7 23. Bd3 Bd4 24. Rf1 Rf3 25. Be2 Rxg3+ 26. Kh2 Rxg6 27. Bxh5 Rg7 28. Rg1 Bxf2 29. Rxg7+ Kxg7 30. Bd2 Rh8 31. Kg2 Bd4 32. Bg4 Bc6 33. Bxe6 Bxb2 34. Rf1 d4+ 35. Kg3 Bxa3 36. Bf4 Rh1 37. Be5+ Kh7 38. Rf7+ Kh6 39. Rf6+ Kh7 40. Rf7+ Kh6 41. Rf6+ Kh7 1/2-1/2

[Event "HUN-chT2 9293"]
[Site "Hungary"]
[Date "1993.??.??"]
[Round "?"]
[White "Lendvai, Noemi"]
[Black "Szabo, Ervin"]
[Result "1-0"]
[WhiteElo "2085"]
[BlackElo "2275"]
[PlyCount "72"]
[EventDate "1992.??.??"]
[EventType "team"]
[EventRounds "12"]
[EventCountry "HUN"]
[SourceTitle "TD"]
[Source "ChessBase"]
[SourceDate "1994.03.01"]
[SourceVersion "1"]
[SourceVersionDate "1994.03.01"]
[SourceQuality "1"]

1. e4 e6 2. d4 d5 3. Nd2 c5 4. Ngf3 Nc6 5. Bb5 a6 6. Bxc6+ bxc6 7. c3 Nf6 8. e5 Nd7 9. 0-0 cxd4 10. cxd4 c5 11. Re1 Qb6 12. Nb3 cxd4 13. Nbxd4 Bc5 14. Rb1 a5 15. Be3 0-0 16. Nb3 Bxe3 17. Rxe3 h6 18. Nbd4 Nc5 19. Rc1 Bd7 20. Ne1 Rab8 21. Rc2 a4 22. Ne2 Rfc8 23. Nf4 Qb4 24. Nh5 Kf8 25. a3 Qh4 26. Rh3 Qe4 27. Re3 Qh4 28. g3 Qg5 29. h4 Qg6 30. Nf4 Qf5 31. Rf3 Qh7 32. Qd4 Nb3 33. Qa7 Rxc2 34. Qxb8+ Rc8 35. Qd6+ Ke8 36. Nxd5 Qe4 1-0

[Event "HUN-chT2 9293"]
[Site "Hungary"]
[Date "1993.??.??"]
[Round "?"]
[White "Lendvai, Noemi"]
[Black "Tornai, Imre"]
[Result "0-1"]
[WhiteElo "2085"]
[BlackElo "2280"]
[PlyCount "76"]
[EventDate "1992.??.??"]
[EventType "team"]
[EventRounds "12"]
[EventCountry "HUN"]
[SourceTitle "TD"]
[Source "ChessBase"]
[SourceDate "1994.03.01"]
[SourceVersion "1"]
[SourceVersionDate "1994.03.01"]
[SourceQuality "1"]

1. e4 g6 2. d4 Bg7 3. Nc3 d6 4. Be3 Nc6 5. h3 e5 6. Nf3 Nge7 7. Bc4 0-0 8. a3 exd4 9. Nxd4 Ne5 10. Ba2 N7c6 11. 0-0 Nxd4 12. Bxd4 Be6 13. f4 Bxa2 14. Rxa2 Nc6 15. Bxg7 Kxg7 16. f5 f6 17. Nd5 g5 18. h4 h6 19. Rf3 Ne5 20. Rg3 Kh7 21. hxg5 fxg5 22. Qh5 g4 23. f6 Rxf6 24. Nxf6+ Qxf6 25. Ra1 Rf8 26. Qf5+ Qxf5 27. exf5 Rxf5 28. Rc3 c6 29. Rd1 d5 30. Re3 Kg6 31. b3 Kf6 32. Rd4 b5 33. a4 c5 34. Rxd5 Nf3+ 35. Rxf3 gxf3 36. Rxf5+ Kxf5 37. axb5 fxg2 38. Kxg2 Ke4 0-1

[Event "Gyor op U18"]
[Site "Gyor"]
[Date "1992.??.??"]
[Round "?"]
[White "Horvath, Peter"]
[Black "Lendvai, Noemi"]
[Result "1/2-1/2"]
[WhiteElo "2365"]
[BlackElo "2175"]
[PlyCount "84"]
[EventDate "1992.??.??"]
[EventType "swiss"]
[EventRounds "9"]
[EventCountry "HUN"]
[SourceTitle "EXT 1997"]
[Source "ChessBase"]
[SourceDate "1996.11.15"]
[SourceVersion "1"]
[SourceVersionDate "1996.11.15"]
[SourceQuality "1"]

1. d4 Nf6 2. Nf3 e6 3. Bg5 c5 4. e3 Qb6 5. Nbd2 d5 6. Bxf6 gxf6 7. c4 cxd4 8. exd4 dxc4 9. Bxc4 Be7 10. 0-0 Nd7 11. Bb3 Qa5 12. d5 exd5 13. Re1 Nf8 14. Nd4 Ne6 15. N2f3 Bd7 16. Rc1 Rg8 17. Nf5 Rd8 18. N3d4 Kf8 19. Nxe7 Kxe7 20. Qf3 Qb4 21. Rcd1 Rg5 22. a3 Qb6 23. Bxd5 Ba4 24. Nxe6 fxe6 25. b3 Rdxd5 26. Rxd5 Bc6 27. Rxe6+ Kxe6 28. Qe4+ Re5 29. Rxe5+ fxe5 30. Qxh7 Qa5 31. Qg8+ Kd6 32. Qf8+ Kc7 33. h4 Qe1+ 34. Kh2 Qe4 35. Qe7+ Kb6 36. f3 Qf4+ 37. Kh1 e4 38. Qb4+ Kc7 39. Qe7+ Kb6 40. Qb4+ Ka6 41. Qc4+ Kb6 42. Qb4+ Kc7 1/2-1/2

[Event "Balatonbereny op"]
[Site "Balatonbereny"]
[Date "1992.??.??"]
[Round "4"]
[White "Kovacs, Gabor M"]
[Black "Lendvai, Noemi"]
[Result "0-1"]
[WhiteElo "2320"]
[BlackElo "2175"]
[PlyCount "134"]
[EventDate "1992.09.??"]
[EventType "swiss"]
[EventRounds "9"]
[EventCountry "HUN"]
[SourceTitle "TD"]
[Source "ChessBase"]
[SourceDate "1994.03.01"]
[SourceVersion "1"]
[SourceVersionDate "1994.03.01"]
[SourceQuality "1"]

1. e4 c5 2. Nf3 d6 3. d4 cxd4 4. Nxd4 Nf6 5. Nc3 Nc6 6. Be3 e5 7. Nf3 h6 8. Bc4 Be7 9. Qd2 Be6 10. Bd5 Bxd5 11. exd5 Nb8 12. Qd3 Nbd7 13. Nd2 Ng4 14. Nc4 Nxe3 15. Nxe3 g6 16. 0-0 0-0 17. Ne2 Bg5 18. c4 Qb6 19. Nd1 Kg7 20. Nec3 Nc5 21. Qc2 Rac8 22. b3 f5 23. Nb2 Bf6 24. Nca4 Nxa4 25. Nxa4 Qa5 26. Qe2 a6 27. Qe1 Bd8 28. Rc1 Qxe1 29. Rfxe1 Ba5 30. Red1 Bb4 31. Nb6 Rc7 32. Rc2 Bc5 33. Na4 Bd4 34. Nc3 b5 35. Ne2 Bb6 36. Rdc1 Rfc8 37. Kf1 Kf6 38. Nc3 Ke7 39. Nb1 bxc4 40. bxc4 Ba5 41. Ke2 Bb4 42. f3 Rb7 43. Kd3 Bc5 44. Nd2 Ba3 45. Rb1 Rcb8 46. Rb3 Rxb3+ 47. Nxb3 Rb6 48. Re2 Kf6 49. g3 g5 50. Rg2 Bb4 51. Re2 Ba3 52. Rc2 Ke7 53. Rd2 Kf6 54. Rf2 Bb4 55. Rf1 a5 56. Rb1 Ba3 57. Kc2 a4 58. Nd2 Rxb1 59. Nxb1 Bc5 60. Nd2 h5 61. h3 h4 62. g4 e4 63. gxf5 exf3 64. Nxf3 Kxf5 65. Ne1 g4 66. hxg4+ Kxg4 67. Nd3 Kf5 0-1

[Event "Zalakaros op 11th"]
[Site "Zalakaros"]
[Date "1992.??.??"]
[Round "4"]
[White "Krutti, Valer"]
[Black "Lendvai, Noemi"]
[Result "1-0"]
[WhiteElo "2235"]
[BlackElo "2175"]
[PlyCount "75"]
[EventDate "1992.??.??"]
[EventType "swiss"]
[EventRounds "9"]
[EventCountry "HUN"]
[SourceTitle "EXT 1997"]
[Source "ChessBase"]
[SourceDate "1996.11.15"]
[SourceVersion "1"]
[SourceVersionDate "1996.11.15"]
[SourceQuality "1"]

1. d4 Nf6 2. c4 e6 3. Nf3 Bb4+ 4. Bd2 a5 5. g3 0-0 6. Bg2 Qe7 7. 0-0 Bxd2 8. Nbxd2 d6 9. e4 e5 10. d5 Na6 11. Qc2 Nh5 12. Rae1 Nc5 13. Nh4 g6 14. b3 Bd7 15. a3 Ra7 16. Ra1 Rfa8 17. Qc3 Bc8 18. Qe3 Qf6 19. Nhf3 b6 20. Rac1 Bd7 21. b4 Nb7 22. Nb3 axb4 23. axb4 Ra3 24. Nbd2 g5 25. Qe2 Ng7 26. c5 bxc5 27. bxc5 Ba4 28. Qc4 Ne8 29. Qb4 Bb3 30. Qxb7 Ba2 31. cxd6 cxd6 32. Rc8 Rxc8 33. Qxc8 Qe7 34. Ra1 Kf8 35. Qf5 h6 36. Qh7 Qf6 37. Bf1 Ra8 38. Bc4 1-0

[Event "Zalakaros op 11th"]
[Site "Zalakaros"]
[Date "1992.??.??"]
[Round "1"]
[White "Lendvai, Noemi"]
[Black "Almasi, Zoltan"]
[Result "0-1"]
[WhiteElo "2175"]
[BlackElo "2390"]
[PlyCount "78"]
[EventDate "1992.??.??"]
[EventType "swiss"]
[EventRounds "9"]
[EventCountry "HUN"]
[SourceTitle "EXT 1997"]
[Source "ChessBase"]
[SourceDate "1996.11.15"]
[SourceVersion "1"]
[SourceVersionDate "1996.11.15"]
[SourceQuality "1"]

1. e4 c5 2. Nf3 e6 3. d4 cxd4 4. Nxd4 a6 5. Bd3 Qc7 6. 0-0 Nf6 7. Qe2 Nc6 8. Nxc6 dxc6 9. e5 Nd7 10. Bf4 f5 11. a4 Nb6 12. Bg3 Nd5 13. Kh1 Be7 14. f4 0-0 15. Nd2 b6 16. Bc4 c5 17. Nf3 Bb7 18. Rfd1 Qc6 19. Rd2 Rfd8 20. c3 Nc7 21. Bb3 Rxd2 22. Nxd2 b5 23. Nf3 c4 24. Bc2 Nd5 25. Nd4 Qd7 26. Qf2 b4 27. cxb4 Nxb4 28. Rd1 Rd8 29. Nf3 Nd3 30. Qe2 Be4 31. Ne1 Bb4 32. Nf3 h6 33. Bh4 Rc8 34. Bg3 Qa7 35. b3 Nb2 36. Rb1 c3 37. Ne1 Qd4 38. Qxa6 Rc6 39. Qe2 Qd2 0-1

[Event "HUN-ch (Women)"]
[Site "Hungary"]
[Date "1992.??.??"]
[Round "5"]
[White "Lendvai, Noemi"]
[Black "Nemeth, Maria"]
[Result "1/2-1/2"]
[WhiteElo "2175"]
[BlackElo "2115"]
[PlyCount "61"]
[EventDate "1992.??.??"]
[EventType "tourn"]
[EventRounds "11"]
[EventCountry "HUN"]
[SourceTitle "EXT 1997"]
[Source "ChessBase"]
[SourceDate "1996.11.15"]
[SourceVersion "1"]
[SourceVersionDate "1996.11.15"]
[SourceQuality "1"]

1. e4 c6 2. d4 d5 3. Nc3 dxe4 4. Nxe4 Nd7 5. Ng5 Ngf6 6. Bd3 e6 7. N1f3 Bd6 8. Qe2 h6 9. Ne4 Nxe4 10. Qxe4 Nf6 11. Qe2 0-0 12. 0-0 Qc7 13. Bd2 b6 14. Rae1 c5 15. dxc5 bxc5 16. c4 Bb7 17. h3 Rfd8 18. Bb1 Nh5 19. Be4 Nf4 20. Qe3 Rab8 21. Bc3 Bxe4 22. Qxe4 Ng6 23. Rd1 Bf4 24. Qe2 Rxd1 25. Rxd1 Rd8 26. Rd3 a5 27. Qd1 Rxd3 28. Qxd3 a4 29. Qd1 Qc6 30. h4 Bc7 31. Qd2 1/2-1/2

[Event "HUN-ch (Women)"]
[Site "Hungary"]
[Date "1992.??.??"]
[Round "3"]
[White "Lendvai, Noemi"]
[Black "Porubszky Angyalosine, Maria A"]
[Result "1-0"]
[WhiteElo "2175"]
[BlackElo "2230"]
[PlyCount "71"]
[EventDate "1992.??.??"]
[EventType "tourn"]
[EventRounds "11"]
[EventCountry "HUN"]
[SourceTitle "EXT 1997"]
[Source "ChessBase"]
[SourceDate "1996.11.15"]
[SourceVersion "1"]
[SourceVersionDate "1996.11.15"]
[SourceQuality "1"]

1. e4 c5 2. Nf3 e6 3. d4 cxd4 4. Nxd4 a6 5. Nc3 Qc7 6. g3 Nf6 7. Bg2 Be7 8. 0-0 d6 9. f4 0-0 10. g4 Nfd7 11. g5 Nc6 12. Nxc6 bxc6 13. f5 exf5 14. exf5 d5 15. Kh1 Bd6 16. Be3 Re8 17. Bd4 Ne5 18. Qe1 Bb7 19. Qh4 Rad8 20. Bxe5 Bxe5 21. Rf3 Bc8 22. Raf1 Bxc3 23. Rxc3 Qe5 24. Rcf3 Rd6 25. f6 Qxb2 26. fxg7 Qxg7 27. Qf4 Rg6 28. Qc7 Be6 29. Qxc6 Rc8 30. Qxa6 Rxc2 31. Qa4 Rc4 32. Qb5 Rxg5 33. Qe8+ Qf8 34. Qxe6 Rxg2 35. Rxf7 Rxh2+ 36. Kxh2 1-0

[Event "Balatonbereny op"]
[Site "Balatonbereny"]
[Date "1992.??.??"]
[Round "5"]
[White "Lendvai, Noemi"]
[Black "Ruck, Robert"]
[Result "0-1"]
[WhiteElo "2175"]
[BlackElo "2325"]
[PlyCount "84"]
[EventDate "1992.09.??"]
[EventType "swiss"]
[EventRounds "9"]
[EventCountry "HUN"]
[SourceTitle "TD"]
[Source "ChessBase"]
[SourceDate "1994.03.01"]
[SourceVersion "1"]
[SourceVersionDate "1994.03.01"]
[SourceQuality "1"]

1. e4 c5 2. Nf3 b6 3. d4 cxd4 4. Nxd4 d6 5. Nc3 Bb7 6. Be3 Nf6 7. f3 a6 8. Qd2 Nbd7 9. 0-0-0 d5 10. exd5 Nxd5 11. Nxd5 Bxd5 12. Kb1 e6 13. Ne2 Bc5 14. Nc3 0-0 15. Nxd5 exd5 16. Bg5 Nf6 17. Bd3 Re8 18. Rde1 Rxe1+ 19. Rxe1 h6 20. Bxf6 Qxf6 21. Qe2 a5 22. Bb5 Rd8 23. Qd3 Qh4 24. Re2 Qxh2 25. a4 Qf4 26. Bc6 Qd6 27. Bb5 Qf6 28. Re1 g6 29. Qe2 Bd4 30. c3 Bc5 31. Rd1 d4 32. cxd4 Bxd4 33. Rd3 Kg7 34. Qd2 Rd6 35. b3 h5 36. Bc4 Qe5 37. Kc2 Qf6 38. Kb1 Be5 39. Rxd6 Bxd6 40. Kc2 Bb4 41. Qd5 Qc3+ 42. Kb1 Ba3 0-1